STN P ISO/TS 29761: 2023 (92 0106), Požiarnobezpečnostné inžinierstvo. Výber návrhu scenárov správania osôb

Táto predbežná slovenská technická norma obsahuje anglickú verziu ISO/TS 29761: 2015 a má postavenie oficiálnej verzie

Podrobná bibliografia
Ďalší autori: Olbřímek, Juraj, 1956- (Prekladateľ), Lacová, Zuzana (Prekladateľ)
Médium: Kniha
Jazyk:angličtina
Fyzický popis:iii, iii-vi, 25 strán, iv-vi obrázky, tabuľky 30 cm
Vydavateľské údaje: Bratislava Úrad pre normalizáciu, metrológiu a skúšobníctvo Slovenskej republiky 2023
Predmet:

MARC

LEADER 00000cam a2200000 a 4500
001 vtls012229259
003 SK-MaSNL
005 20260302012300.0
008 230510s2023 xo a f nu 000 0 eng
015 |a SNBN2024 
040 |a SNK  |b slo  |c SNK  |e AACR2 
041 0 |a eng 
044 |a xo  |c SK 
046 |a s  |m 20230501 (účin.) 
072 7 |a 614.84  |x Požiare. Ochrana pred požiarmi  |2 konspekt 
080 |a 614.84  |2 2011 
080 |a 006.7/.8  |2 2011 
080 |a (437.6)  |2 2011 
080 |a (4)  |2 2011 
084 |a 13.220.01  |2 ICS 
130 0 |a STN 92 0106 (STN P ISO/TS 29761)  |9 653993 
245 1 0 |a STN P ISO/TS 29761: 2023 (92 0106), Požiarnobezpečnostné inžinierstvo. Výber návrhu scenárov správania osôb 
246 1 0 |a Požiarnobezpečnostné inžinierstvo 
246 1 0 |a Výber návrhu scenárov správania osôb 
246 3 0 |a ISO/TS 29761: 2015 
260 |a Bratislava  |b Úrad pre normalizáciu, metrológiu a skúšobníctvo Slovenskej republiky  |c 2023 
300 |a iii, iii-vi, 25 strán, iv-vi  |b obrázky, tabuľky  |c 30 cm 
500 |a Súbežný názov v angličtine a francúzštine 
500 |a Spracovateľ: Stavebná fakulta STU v Bratislave, Juraj Olbřímek, Zuzana Lacová, Úrad pre normalizáciu, metrológiu a skúšobníctvo SR, Bratislava 
504 |a Normatívne referenčné dokumenty na strane ii-iii a bibliografia na strane 24-25 
520 8 |a Táto predbežná slovenská technická norma obsahuje anglickú verziu ISO/TS 29761: 2015 a má postavenie oficiálnej verzie 
540 |a STN vydané na akomkoľvek nosiči sa môžu rozmnožovať a rozširovať iba so súhlasom určenej právnickej osoby  |b SÚTN Bratislava  |c zákon 60/2018 Z. z. 
546 |a Celý dokument v angličtine a titulný list v slovenčine 
650 0 7 |a požiarna bezpečnosť  |2 SNKPH  |9 1503 
650 0 7 |a technické normy a štandardy  |z Slovensko  |2 SNKPH  |9 79594 
650 0 7 |a technické normy a štandardy  |z krajiny Európskej únie  |2 SNKPH  |9 289341 
650 0 7 |a požiarna ochrana  |2 SNKPH  |9 1501 
650 0 7 |a Fire safety  |2 SNKPHeng  |9 276237 
655 7 |a normy  |2 SNKPH  |9 70643 
700 1 |a Olbřímek, Juraj,  |d 1956-  |4 trl  |9 135607 
700 1 |a Lacová, Zuzana  |4 trl  |9 310953 
710 1 |a Slovensko.  |b Úrad pre normalizáciu, metrológiu a skúšobníctvo  |4 stn  |9 158117 
710 2 |a Slovenský ústav technickej normalizácie (Bratislava, Slovensko).  |b Technická komisia č. 119 Hodnotenie požiarnej bezpečnosti materiálov a výrobkov  |4 stn  |9 310954 
710 2 |a Stavebná fakulta STU (Bratislava, Slovensko)  |4 stn  |9 310955 
852 |a Štátna vedecká knižnica v Banskej Bystrici 
958 |a NB 
999 |c 1009012  |d 1010942 
952 |a SNK  |b SNK  |y PREZ  |7 0  |p 17A1548086  |o snkSTN P ISO/TS 29761  |i snk2024/9433  |8 0  |0 0  |1 0  |4 0  |d 2024-06-12  |l 0  |r 2026-02-24 12:46:49  |w 2026-02-24